<?xml version="1.0" encoding="UTF-8"?>
<record
    xmlns:xsi="http://www.w3.org/2001/XMLSchema-instance"
    xsi:schemaLocation="http://www.loc.gov/MARC21/slim http://www.loc.gov/standards/marcxml/schema/MARC21slim.xsd"
    xmlns="http://www.loc.gov/MARC21/slim">

  <leader>01791    a2200229   4500</leader>
  <controlfield tag="003">Nust</controlfield>
  <controlfield tag="005">20221125115435.0</controlfield>
  <datafield tag="010" ind1=" " ind2=" ">
    <subfield code="a">  2002042915</subfield>
  </datafield>
  <datafield tag="020" ind1=" " ind2=" ">
    <subfield code="a">3540001913 (pbk. : acid-free paper)</subfield>
  </datafield>
  <datafield tag="040" ind1=" " ind2=" ">
    <subfield code="c">Nust</subfield>
  </datafield>
  <datafield tag="082" ind1="0" ind2="0">
    <subfield code="a">519.3, BON</subfield>
  </datafield>
  <datafield tag="245" ind1="1" ind2="0">
    <subfield code="a">Numerical optimization :</subfield>
    <subfield code="b">theoretical and practical aspects </subfield>
    <subfield code="c">J. Frederic Bonnans</subfield>
  </datafield>
  <datafield tag="260" ind1=" " ind2=" ">
    <subfield code="a">Berlin ;</subfield>
    <subfield code="a">New York :</subfield>
    <subfield code="b">Springer,</subfield>
    <subfield code="c">c2003.</subfield>
  </datafield>
  <datafield tag="300" ind1=" " ind2=" ">
    <subfield code="a">xiii, 419 p. :</subfield>
    <subfield code="b">ill. ;</subfield>
    <subfield code="c">24 cm.</subfield>
  </datafield>
  <datafield tag="490" ind1="0" ind2=" ">
    <subfield code="a">Universitext</subfield>
  </datafield>
  <datafield tag="505" ind1=" " ind2=" ">
    <subfield code="a">General Introduction (Page-3),Basic Methods (Page-25),Line-Searches (Page-37),Newtonian Methods (Page-51),Conjugate Gradient (Page-67),Special Methods (Page-77),A Case Study: Seismic Reection Tomography (Page-97),Introduction  to Nonsmooth Optimization (Page-109),Some Methods in Nonsmooth Optimization (Page-119),Bundle Methods. The Quest for Descent (Page-137),Applications of Nonsmooth Optimization (Page-161), Computational Exercises (Page-183),Background (Page-197),Local Methods for Problems with Equality Constraints (Page-215),Local Methods for Problems with Equality and Inequality Constraints (Page-255),Exact Penalization (Page-271),Globalization by Line-Search (Page-289),Quasi-Newton Versions (Page-323), Linearly Constrained Optimization and Simplex Algorithms (Page-353),Linear Monotone Complementarity and Associated Vectors Fields (Page-371),Predictor-Corrector Algorithms (Page-395),Non-Feasible Algorithms (Page-411),Self-Duality (Page-425),One-Step Methods (Page-435),Complexity of Linear Optimization Problems with Integer Data (Page-451),Karmarkar&#x2019;s Algorithm (Page-457).       
 </subfield>
  </datafield>
  <datafield tag="650" ind1=" " ind2="0">
    <subfield code="a">Computer algorithms.</subfield>
  </datafield>
  <datafield tag="650" ind1=" " ind2="0">
    <subfield code="a">Mathematical optimization.</subfield>
  </datafield>
  <datafield tag="650" ind1=" " ind2="0">
    <subfield code="a">Numerical analysis</subfield>
    <subfield code="x">Data processing.</subfield>
    <subfield code="9">72</subfield>
  </datafield>
  <datafield tag="700" ind1="1" ind2=" ">
    <subfield code="a">Bonnans, J. F.</subfield>
    <subfield code="d">1957-</subfield>
    <subfield code="9">103595</subfield>
  </datafield>
  <datafield tag="942" ind1=" " ind2=" ">
    <subfield code="2">ddc</subfield>
    <subfield code="c">BK</subfield>
  </datafield>
  <datafield tag="999" ind1=" " ind2=" ">
    <subfield code="c">212526</subfield>
    <subfield code="d">212526</subfield>
  </datafield>
  <datafield tag="952" ind1=" " ind2=" ">
    <subfield code="0">0</subfield>
    <subfield code="1">0</subfield>
    <subfield code="2">ddc</subfield>
    <subfield code="4">0</subfield>
    <subfield code="7">0</subfield>
    <subfield code="a">MCS</subfield>
    <subfield code="b">MCS</subfield>
    <subfield code="c">GEN</subfield>
    <subfield code="d">2016-12-12</subfield>
    <subfield code="o">519.3, BON</subfield>
    <subfield code="p">MCS37146</subfield>
    <subfield code="r">2016-12-08</subfield>
    <subfield code="w">2016-12-12</subfield>
    <subfield code="y">BK</subfield>
    <subfield code="z">Almirah No.14, Shelf No.3</subfield>
  </datafield>
</record>
